Geografía de la argentina : parte humana /

Guardado en:
Autor Principal: Daus, Federico A.
Formato: Libro
Publicado: Buenos Aires : Estrada, 1981
Edición:24a. ed.
Materias:
Etiquetas: Agregar Etiqueta
Sin Etiquetas, Sea el primero en etiquetar este registro!
LEADER 02086nam a22003375a 4500
001 CEM.cems001977
005 20090505103908.0
008 130507s1981##################000#0#####d
003 CEMS
082 0 4 |a 918.2 
100 1 |a Daus, Federico A. 
245 1 0 |a Geografía de la argentina :  |b parte humana /  |c Federico A. Daus 
250 |a 24a. ed. 
260 |a Buenos Aires :  |b Estrada,  |c 1981 
300 |a 175 p. 
505 0 |a El proceso de integración territorial -- La población -- Evolución histórica de la economía argentina -- La infraestructura -- La producción agrícola -- La producción ganadera -- La producción minera -- La producción industrial -- Intercambio comercial de la Argentina -- Región de la pampa -- Región de la estepa -- Región de la mesopotamia -- Región del chaco -- Región del noroeste -- Región de las sierras pampeanas -- Región de cuyo y los andes áridos -- Región de la patagonia 
653 |a Geografía 
653 |a Geografía argentina 
859 |a CEMS  |b BIB. CEMS - 11 de abril  |h 918.2  |i D268a24  |p 11866.83  |t Ej.1  |v II  |3 II 
859 |a CEMS  |b BIB. CEMS - 11 de abril  |h 918.2  |i D268a24  |p 11867.83  |t Ej.2  |v II  |3 II 
859 |a CEMS  |b BIB. CEMS - 11 de abril  |h 918.2  |i D268a24  |p 14783.87  |t Ej.3  |v II  |3 II 
859 |a CEMS  |b BIB. CEMS - 11 de abril  |h 918.2  |i D268a24  |p 14784.87  |t Ej.4  |v II  |3 II 
859 |a CEMS  |b BIB. CEMS - 11 de abril  |h 918.2  |i D268a24  |p 14846.87  |t Ej.5  |v II  |3 II 
859 |a CEMS  |b BIB. CEMS - 11 de abril  |h 918.2  |i D268a24  |p 15062.88  |t Ej.6  |v II  |3 II 
859 |a CEMS  |b BIB. CEMS - 11 de abril  |h 918.2  |i D268a24  |p 15063.88  |t Ej.7  |v II  |3 II 
859 |a CEMS  |b BIB. CEMS - 11 de abril  |h 918.2  |i D268a24  |p 15064.88  |t Ej.8  |v II  |3 II 
859 |a CEMS  |b BIB. CEMS - 11 de abril  |h 918.2  |i D268a24  |p 15065.88  |t Ej.9  |v II  |3 II 
859 |a CEMS  |b BIB. CEMS - 11 de abril  |h 918.2  |i D268a24  |p 15066.88  |t Ej.10  |v II  |3 II 
859 |a CEMS  |b BIB. CEMS - 11 de abril  |h 918.2  |i D268a24  |p 15151.88  |t Ej.11  |v II  |3 II 
859 |a CEMS  |b BIB. CEMS - 11 de abril  |h 918.2  |i D268a24  |p 15152.88  |t Ej.12  |v II  |3 II 
859 |a CEMS  |b BIB. CEMS - 11 de abril  |h 918.2  |i D268a24  |p 15153.88  |t Ej.13  |v II  |3 II